Loading...

Consumer Behavior: Buying, Having and Being

Bibliographic Details
Main Author: Solomon, Michael R
Format: Printed Book
Language:Undetermined
English
Published: New Delhi Prentice Hall 1999
Edition:4th
Subjects:
LEADER 00628nam a2200205Ia 4500
008 140306s9999 xx 000 0 und d
020 |a 0130812552 
041 |a eng 
082 |a 658  |b SOL/CO 
100 |a Solomon, Michael R 
245 |a Consumer Behavior: Buying, Having and Being 
250 |a 4th 
260 |a New Delhi  |b Prentice Hall  |c 1999 
300 |a 586 
365 |b Rs. 45/- 
650 |a Motivation and Values 
650 |a Personality and Lifestyles 
942 |2 ddc  |c BK 
999 |c 188185  |d 188185 
952 |0 0  |1 0  |2 ddc  |4 0  |6 658_000000000000000_SOL_CO  |7 0  |9 194328  |a KAUCBV  |b KAUCBV  |g 45.00  |o 658 SOL/CO  |r 2014-03-22  |w 2014-03-22  |y BK